Music Quiz

Random Music or Singers Quiz

Famous Lead Singers by Picture Quiz Stats

 Plays Quiz Updated Jan 8, 2015

Score 0/20 Timer 05:00
0 Plays Today
% Correct
Freddie Mercury
95.6%
Bono
95.2%
Mick Jagger
94.6%
Kurt Cobain
93%
Ozzy Osbourne
88.9%
Steven Tyler
88.4%
Gwen Stefani
81.3%
Axl Rose
78.9%
Jim Morrison
77.7%
Robert Plant
66.3%
% Correct
Adam Levine
63.2%
Debbie Harry
57.6%
Stevie Nicks
50.2%
Roger Daltrey
49.8%
David Lee Roth
48.6%
Ann Wilson
43.4%
Thom Yorke
34.7%
Eddie Vedder
33.6%
Brian Johnson
32.3%
Chris Cornell
23.8%

You're not logged in!

Compare scores with friends on all Sporcle quizzes.
OR
Log In

Show Comments

Extras

Top Quizzes Today


Score Distribution

Your Account Isn't Verified!

In order to create a playlist on Sporcle, you need to verify the email address you used during registration. Go to your Sporcle Settings to finish the process.

Report this User

Report this user for behavior that violates our Community Guidelines.

Details: